<?xml version="1.0" encoding="UTF-8"?>
<record
    xmlns:xsi="http://www.w3.org/2001/XMLSchema-instance"
    xsi:schemaLocation="http://www.loc.gov/MARC21/slim http://www.loc.gov/standards/marcxml/schema/MARC21slim.xsd"
    xmlns="http://www.loc.gov/MARC21/slim">

  <leader>03093nam a2200469 a 4500</leader>
  <controlfield tag="003">CHAP</controlfield>
  <controlfield tag="005">20240529112449.0</controlfield>
  <controlfield tag="007">ta</controlfield>
  <controlfield tag="008">220804s2019    mx edobfr||||a001 0 spa d</controlfield>
  <datafield tag="040" ind1=" " ind2=" ">
    <subfield code="a">mxchpua</subfield>
  </datafield>
  <datafield tag="090" ind1=" " ind2=" ">
    <subfield code="a">T.C.820</subfield>
    <subfield code="b">L67 EIUPA</subfield>
    <subfield code="c">2019</subfield>
  </datafield>
  <datafield tag="245" ind1="1" ind2="0">
    <subfield code="a">Empresa ACCRESCO S.A.S Caf&#xE9; Terr&#xF3;n, Salgar, Antioquia, Colombia /</subfield>
    <subfield code="c">coordinador Vicente L&#xF3;pez Bautista ; colaboradores C&#xE9;sar Israel Araiza M&#xE9;ndez...[y otros]</subfield>
  </datafield>
  <datafield tag="260" ind1=" " ind2=" ">
    <subfield code="a">Chapingo, M&#xE9;xico :</subfield>
    <subfield code="b">El autor,</subfield>
    <subfield code="c">2019</subfield>
  </datafield>
  <datafield tag="300" ind1=" " ind2=" ">
    <subfield code="a">183 hojas</subfield>
    <subfield code="b">gr&#xE1;ficas, planos, fotos +</subfield>
    <subfield code="e">1 CD-ROM</subfield>
  </datafield>
  <datafield tag="336" ind1=" " ind2=" ">
    <subfield code="2">rdacontent</subfield>
    <subfield code="a">texto</subfield>
    <subfield code="b">txt</subfield>
  </datafield>
  <datafield tag="337" ind1=" " ind2=" ">
    <subfield code="2">rdamedia</subfield>
    <subfield code="a">no mediado</subfield>
    <subfield code="b">n</subfield>
  </datafield>
  <datafield tag="338" ind1=" " ind2=" ">
    <subfield code="2">rdacarrier</subfield>
    <subfield code="a">volumen</subfield>
    <subfield code="b">nc</subfield>
  </datafield>
  <datafield tag="500" ind1=" " ind2=" ">
    <subfield code="a">Grado 7&#xB0;</subfield>
  </datafield>
  <datafield tag="502" ind1=" " ind2=" ">
    <subfield code="a">Viaje de Estudios</subfield>
    <subfield code="b">(EIUPA) --</subfield>
    <subfield code="c">UACh. Departamento de Ingenier&#xED;a Agroindustrial,</subfield>
    <subfield code="d">2019</subfield>
  </datafield>
  <datafield tag="504" ind1=" " ind2=" ">
    <subfield code="a">Bibliograf&#xED;a: hojas 180-182</subfield>
  </datafield>
  <datafield tag="505" ind1="0" ind2=" ">
    <subfield code="a">Contiene 7 planos: --
1. Plano de Distribuci&#xF3;n de &#xE1;reas (Esc. 1:100)
2. Planos de Distribuci&#xF3;n de equipo (Esc. 1:100)
3. Plano de recorrido (Esc. 1:100)
4. DTI
5. Plano del corte (Esc. 1:100)
6. Plano de fachada (Esc. 1:100)
7. Diagrama de flujo del proceso</subfield>
  </datafield>
  <datafield tag="650" ind1="1" ind2="3">
    <subfield code="a">Semillas de caf&#xE9;  </subfield>
    <subfield code="x">Producci&#xF3;n de cultivos</subfield>
    <subfield code="z">Colombia</subfield>
    <subfield code="z">Antioquia</subfield>
  </datafield>
  <datafield tag="650" ind1="1" ind2="3">
    <subfield code="a">Semillas de caf&#xE9;  </subfield>
    <subfield code="x">Calidad del procesamiento</subfield>
  </datafield>
  <datafield tag="650" ind1="1" ind2="3">
    <subfield code="a">Productos del caf&#xE9;  </subfield>
    <subfield code="x">Control de calidad</subfield>
  </datafield>
  <datafield tag="650" ind1="1" ind2="3">
    <subfield code="a">Productos del caf&#xE9;  </subfield>
    <subfield code="x">Comercializaci&#xF3;n</subfield>
    <subfield code="z">Colombia</subfield>
    <subfield code="z">Antioquia</subfield>
  </datafield>
  <datafield tag="650" ind1="1" ind2="3">
    <subfield code="a">Caf&#xE9;</subfield>
    <subfield code="x">Calidad del producto</subfield>
  </datafield>
  <datafield tag="650" ind1="1" ind2="3">
    <subfield code="a">Coffee beans  </subfield>
    <subfield code="x">Crop production</subfield>
    <subfield code="z">Colombia</subfield>
    <subfield code="z">Antioquia</subfield>
  </datafield>
  <datafield tag="650" ind1="1" ind2="3">
    <subfield code="a">Coffee beans  </subfield>
    <subfield code="x">Processing quality</subfield>
  </datafield>
  <datafield tag="650" ind1="1" ind2="3">
    <subfield code="a">Coffee products</subfield>
    <subfield code="x">Quality control</subfield>
  </datafield>
  <datafield tag="650" ind1="1" ind2="3">
    <subfield code="a">Coffee products</subfield>
    <subfield code="x">Commercialization</subfield>
    <subfield code="z">Colombia</subfield>
    <subfield code="z">Antioquia</subfield>
  </datafield>
  <datafield tag="650" ind1="1" ind2="3">
    <subfield code="a">Coffee (beverage)</subfield>
    <subfield code="x">Product quality</subfield>
  </datafield>
  <datafield tag="700" ind1="1" ind2=" ">
    <subfield code="a">Ponce Hern&#xE1;ndez, Pedro</subfield>
    <subfield code="e">coordinador</subfield>
    <subfield code="9">147918</subfield>
  </datafield>
  <datafield tag="700" ind1="1" ind2=" ">
    <subfield code="9">185334</subfield>
    <subfield code="a">Araiza M&#xE9;ndez, C&#xE9;sar Israel</subfield>
    <subfield code="e">colaborador</subfield>
  </datafield>
  <datafield tag="856" ind1="4" ind2="1">
    <subfield code="u">http://10.13.5.2/ve/T_C_820_EIUPA/T_C_820_EIUPA_2019_REPORTE.pdf</subfield>
    <subfield code="y">DESCARGAR REPORTE</subfield>
  </datafield>
  <datafield tag="856" ind1="4" ind2="1">
    <subfield code="u">http://10.13.5.2/ve/T_C_820_EIUPA/T_C_820_EIUPA_2019_PLANO_DISTRIBUCION_DE_AREAS_DEL_BENEFICIO_DE_CAFE_ACCRESCO.pdf</subfield>
    <subfield code="y">DESCARGAR PLANO DE DISTRIBUCI&#xD3;N DE &#xC1;REAS</subfield>
  </datafield>
  <datafield tag="856" ind1="4" ind2="1">
    <subfield code="u">http://10.13.5.2/ve/T_C_820_EIUPA/T_C_820_EIUPA_2019_PLANO_DISTRIBUCION_DE_EQUIPOS_DEL_BENEFICIO_DE_CAFE_ACCRESCO.pdf</subfield>
    <subfield code="y">DESCARGAR PLANOS DE DISTRIBUCI&#xD3;N DE EQUIPO</subfield>
  </datafield>
  <datafield tag="856" ind1="4" ind2="1">
    <subfield code="u">http://10.13.5.2/ve/T_C_820_EIUPA/T_C_820_EIUPA_2019_PLANO_DIAGRAMA_DE_RECORRIDO_DEL_BENEFICIO_DE_CAFE_ACCRESCO.pdf</subfield>
    <subfield code="y">DESCARGAR PLANO DE RECORRIDO</subfield>
  </datafield>
  <datafield tag="856" ind1="4" ind2="1">
    <subfield code="u">http://10.13.5.2/ve/T_C_820_EIUPA/T_C_820_EIUPA_2019_PLANO_DTI_MOTOBOMBA_DEL_BENEFICIO_DE_CAFE_ACCRESCO.pdf</subfield>
    <subfield code="y">DESCARGAR PLANO DTI</subfield>
  </datafield>
  <datafield tag="856" ind1="4" ind2="1">
    <subfield code="u">http://10.13.5.2/ve/T_C_820_EIUPA/T_C_820_EIUPA_2019_PLANO_CORTE_DEL_BENEFICIO_DE_CAFE_ACCRESCO.pdf</subfield>
    <subfield code="y">DESCARGAR PLANO DEL CORTE</subfield>
  </datafield>
  <datafield tag="856" ind1="4" ind2="1">
    <subfield code="u">http://10.13.5.2/ve/T_C_820_EIUPA/T_C_820_EIUPA_2019_PLANO_FACHADA_DEL_BENEFICIO_DE_CAFE_ACCRESCO.pdf</subfield>
    <subfield code="y">DESCARGAR PLANO DE FACHADA</subfield>
  </datafield>
  <datafield tag="856" ind1="4" ind2="1">
    <subfield code="u">http://10.13.5.2/ve/T_C_820_EIUPA/T_C_820_EIUPA_2019_PLANO_PLANO_-_DIAGRAMA_DE_FLUJO_DEL_PROCESO_DEL_BENEFICIO_DE_CAFE_ACCRESCO.pdf</subfield>
    <subfield code="y">DESCARGAR DIAGRAMA DE FLUJO DEL PROCESO</subfield>
  </datafield>
  <datafield tag="999" ind1=" " ind2=" ">
    <subfield code="c">217548</subfield>
    <subfield code="d">217548</subfield>
  </datafield>
  <datafield tag="952" ind1=" " ind2=" ">
    <subfield code="0">0</subfield>
    <subfield code="1">0</subfield>
    <subfield code="2">local</subfield>
    <subfield code="4">0</subfield>
    <subfield code="5">1</subfield>
    <subfield code="7">0</subfield>
    <subfield code="8">VE</subfield>
    <subfield code="a">IA_</subfield>
    <subfield code="b">IA_</subfield>
    <subfield code="d">2022-08-04</subfield>
    <subfield code="e">El autor</subfield>
    <subfield code="l">0</subfield>
    <subfield code="o">T.C.820 L67 EIUPA 2019</subfield>
    <subfield code="p">1106013482</subfield>
    <subfield code="r">2026-01-26 00:00:00</subfield>
    <subfield code="t">Ej.1</subfield>
    <subfield code="y">VE</subfield>
  </datafield>
  <datafield tag="952" ind1=" " ind2=" ">
    <subfield code="0">0</subfield>
    <subfield code="1">0</subfield>
    <subfield code="2">local</subfield>
    <subfield code="4">0</subfield>
    <subfield code="5">1</subfield>
    <subfield code="7">0</subfield>
    <subfield code="8">VE</subfield>
    <subfield code="a">IA_</subfield>
    <subfield code="b">IA_</subfield>
    <subfield code="d">2022-08-04</subfield>
    <subfield code="e">El autor</subfield>
    <subfield code="l">0</subfield>
    <subfield code="o">T.C.820 L67 EIUPA 2019</subfield>
    <subfield code="p">1106013483</subfield>
    <subfield code="r">2022-08-04 00:00:00</subfield>
    <subfield code="t">Ej.2</subfield>
    <subfield code="y">CD</subfield>
  </datafield>
  <datafield tag="952" ind1=" " ind2=" ">
    <subfield code="0">0</subfield>
    <subfield code="1">0</subfield>
    <subfield code="2">local</subfield>
    <subfield code="4">0</subfield>
    <subfield code="7">0</subfield>
    <subfield code="8">VEE</subfield>
    <subfield code="a">IA_</subfield>
    <subfield code="b">IA_</subfield>
    <subfield code="c">E_L</subfield>
    <subfield code="d">2023-02-21</subfield>
    <subfield code="e">El autor</subfield>
    <subfield code="l">0</subfield>
    <subfield code="o">T.C.820 L67 EIUPA 2019</subfield>
    <subfield code="p">1206013482</subfield>
    <subfield code="r">2023-02-21 00:00:00</subfield>
    <subfield code="w">2023-02-21</subfield>
    <subfield code="y">VEE</subfield>
  </datafield>
</record>
